| 000 | 00390nam a22001217a 4500 | ||
|---|---|---|---|
| 082 | _a220 PRP | ||
| 100 |
_aHAROON, FAHEEM ULLAH, ASAD _972125 |
||
| 245 | _aPR-SOF-1002-INTELLIGENT MAXIMUM POWER POINT TRACKING BASED SIGNLE AXIS SOLAR TRACKER | ||
| 260 |
_aISLAMABAD _bNUST COLLEGE OF EME _c2010 |
||
| 650 |
_aDE-MTS-28 _972126 |
||
| 700 |
_aSUPERVISOR DR JAVAID IQBAL, _969684 |
||
| 942 | _cCR | ||
| 999 |
_c578297 _d578297 |
||